MARC

LEADER 00000nam0a2200000 4500
001 283583
005 20231101235618.0
035 |a (RuTPU)RU\TPU\book\307706 
090 |a 283583 
100 |a 20150209d1984 m y0rusy50 ca 
101 0 |a rus 
102 |a RU 
105 |a a z 001zy 
200 1 |a Глубинное шлифование деталей из труднообрабатываемых материалов  |f С. С. Силин [и др.] 
210 |a Москва  |c Машиностроение  |d 1984 
215 |a 64 с.  |c ил. 
225 1 |a Новости технологии 
225 1 |a Обработка деталей абразивным, алмазным и эльборовым инструментом 
300 |a На обороте тит. л. авт. 
320 |a Библиогр.: с. 61-62 
606 1 |a Шлифовальное дело  |2 stltpush  |3 (RuTPU)RU\TPU\subj\19270  |9 44535 
610 1 |a глубинное шлифование 
610 1 |a труднообрабатываемые материалы 
610 1 |a интенсификация 
610 1 |a обработка 
610 1 |a качество 
610 1 |a технологические свойства 
610 1 |a поверхностный слой 
675 |a 621.923  |v 3 
701 1 |a Силин  |b С. С.  |g Сергей Семенович 
701 1 |a Хрульков  |b В. А.  |g Владимир Андреевич 
701 1 |a Лобанов  |b А. В.  |g Анатолий Васильевич 
701 1 |a Рыкунов  |b Н. С.  |g Николай Стефанович 
801 1 |a RU  |b 63413507  |c 20150209 
801 2 |a RU  |b 63413507  |c 20170112  |g RCR 
942 |c BK